• 首页
  • 本馆介绍
  • 公告通知
  • 最新文献
  • 馆藏检索
  • 电子资源
  • 读者导购
  • 参考咨询
  • 我的图书馆
  • 登录
  • 详细信息显示
  • 放入我的书架
  • 预约/预借图书
  • 作者相关作品
  • 分类相关作品
  • 丛书相关作品
  • 出版社相关作品

书目信息

  • 表格格式
  • 工作单格式
  • 卡片格式
题名:
现代化档案管理与档案信息建设发展
    
 
作者: 龙飞 著
分册:  
出版信息: 长春   吉林科学技术出版社  2021
页数: 192页
开本: 26cm
丛书名:
单 册:
中图分类: G270.7
科图分类:
主题词: 档案管理--信息化建设--研究
电子资源:
ISBN: 978-7-5578-8964-7
000 00834nam0 2200217 450
001 2331774172
005 20231207084942.09
010    @a978-7-5578-8964-7@dCNY50.00
100    @a20220316d2021 em y0chiy50 ea
101 0  @achi
102    @aCN@b220000
105    @ay z 000yy
200 1  @a现代化档案管理与档案信息建设发展@Axian dai hua dang an guan li yu dang an xin xi jian she fa zhan@f龙飞著
210    @a长春@c吉林科学技术出版社@d2021
215    @a192页@d26cm
330    @a本书主要内容分为八章:档案及其管理工作概论、传统文件档案及其管理、大数据环境下的档案管理与服务、档案信息化建设概论、档案信息资源建设、档案管理信息系统建设、档案数字化建设、档案信息化展望及探索。
606 0  @a档案管理@x信息化建设@x研究
690    @aG270.7@v5
701  0 @a龙飞@Along fei@4著
801  0 @aCN@b91MARC@c20220406
905    @aZUCC@dG270.7@e2
    
    现代化档案管理与档案信息建设发展/龙飞著.-长春:吉林科学技术出版社,2021
    192页;26cm
    
    
    ISBN 978-7-5578-8964-7:CNY50.00
    本书主要内容分为八章:档案及其管理工作概论、传统文件档案及其管理、大数据环境下的档案管理与服务、档案信息化建设概论、档案信息资源建设、档案管理信息系统建设、档案数字化建设、档案信息化展望及探索。
●
相关链接 在五车中查询图书 在当当中查询图书 在豆瓣中查询图书


正题名:现代化档案管理与档案信息建设发展     索取号:G270.7/2         预约/预借

序号 登录号 条形码 馆藏地/架位号 状态 备注
1 2001270745   2001270745   辽宁北方(第一批)/辽宁北方(第一批)/388/ [索取号:G270.7/2] 在馆    
2 2001270746   2001270746   辽宁北方(第一批)/辽宁北方(第一批)/388/ [索取号:G270.7/2] 在馆    
3 2001270747   2001270747   辽宁北方(第一批)/辽宁北方(第一批)/388/ [索取号:G270.7/2] 在馆    
4 2001270748   2001270748   辽宁北方(第一批)/辽宁北方(第一批)/388/ [索取号:G270.7/2] 在馆    
5 2001270749   2001270749   辽宁北方(第一批)/辽宁北方(第一批)/388/ [索取号:G270.7/2] 在馆    
6 2001270750   2001270750   辽宁北方(第一批)/辽宁北方(第一批)/388/ [索取号:G270.7/2] 在馆    
山东省滨州职业学院图书馆 欢迎您!
大连网信软件有限公司© 版权所有